Catalog

Record Details

Catalog Search



God, Revelation and Authority : Vol. III. God Who Speaks and Shows Fifteen Theses, Part Two Cover Image Book Book

God, Revelation and Authority : Vol. III. God Who Speaks and Shows Fifteen Theses, Part Two Carl F.H. Henry

Henry, Carl F.H. (Author).

Record details

  • ISBN: 0-8499-0091-3
  • Physical Description: 536 p.
  • Edition: First Printing
  • Publisher: Waco, Texas Word Books, Publisher 1979

Available copies

  • 1 of 1 copy available at Common Catalog SPOK.

Holds

  • 0 current holds with 1 total copy.
Show All Copies
Location Call Number / Copy Notes Barcode Shelving Location Status Due Date
ETS Library 230.044 424470012167 Volný výběr Available -

LDR 00735nam a2 00253
00135393
003CZ-PrJAB
00520100802000000.0
008100802s1979 xxu e |||| |eng
009us
020 . ‡a0-8499-0091-3
035 . ‡a(CONS)3255
035 . ‡aKPS13445
040 . ‡aABG450
041 . ‡aeng
08214. ‡a230.044
100 . ‡77176 ‡aHenry, Carl F.H.
245 . ‡aGod, Revelation and Authority : ‡bVol. III. God Who Speaks and Shows Fifteen Theses, Part Two ‡cCarl F.H. Henry
250 . ‡aFirst Printing
260 . ‡aWaco, Texas ‡bWord Books, Publisher ‡c1979
300 . ‡a536 p.
653 . ‡aGod, Revelation and Authority
8524 . ‡bETS ‡bETS ‡cVolný výběr ‡j230.044 ‡gA ‡p424470012167
910 . ‡aABG450
999 . ‡a3255 ‡bAUTOGEN ‡c3255 ‡tbiblio
905 . ‡uadmin
901 . ‡a35393 ‡b ‡c35393 ‡tbiblio ‡sets

Additional Resources